Fr. Conceicao Rodrigues College of Engineering

The Winning solar Car:A design guide for Salar race car teams (Record no. 27303)

MARC details
000 -LEADER
fixed length control field 00361nam a2200157Ia 4500
082 ## - DEWEY DECIMAL CLASSIFICATION NUMBER
Classification number 621.471
Item number CAR
100 ## - MAIN ENTRY--PERSONAL NAME
Personal name Carroll/Douglas R
245 ## - TITLE STATEMENT
Title The Winning solar Car:A design guide for Salar race car teams
260 ## - PUBLICATION, DISTRIBUTION, ETC.
Name of publisher, distributor, etc. SAE
Date of publication, distribution, etc. 2003
366 ## - TRADE AVAILABILITY INFORMATION
Publishers's discount category 25
300 ## - PHYSICAL DESCRIPTION
Extent 375
546 ## - LANGUAGE NOTE
Language note ENGLISH
-- Info.Tech
650 ## - SUBJECT ADDED ENTRY--TOPICAL TERM
Topical term or geographic name entry element Car design
942 ## - ADDED ENTRY ELEMENTS (KOHA)
Koha item type Reference Book
Holdings
Withdrawn status Lost status Damaged status Not for loan Collection Home library Current library Shelving location Date acquired Source of acquisition Cost, normal purchase price Inventory number Total Checkouts Full call number Barcode Date last seen Cost, replacement price Price effective from Koha item type
        CRC Fr. Agnel's C.Rodrigues College of Engineering Fr. Agnel's C.Rodrigues College of Engineering   17/03/2023 Allied Publishers 2697.30 1643 dt 18.03.2016   621.471 CAR 24119 17/03/2023 3596.40   Reference Book